Normal view MARC view
  • National Machine Tool Builders' Association

Entry Corporate Name

Number of records used in: 1

001 - CONTROL NUMBER

  • control field: 100260

003 - CONTROL NUMBER IDENTIFIER

  • control field: NUST

005 - DATE AND TIME OF LATEST TRANSACTION

  • control field: 20221014094700.0

008 - FIXED-LENGTH DATA ELEMENTS

  • fixed length control field: 221014|| aca||aabn | a|a d

040 ## - CATALOGING SOURCE

  • Original cataloging agency: NUST
  • Transcribing agency: NUST

110 ## - HEADING--CORPORATE NAME

  • Corporate name or jurisdiction name as entry element: National Machine Tool Builders' Association

670 ## - SOURCE DATA FOUND

  • Source citation: Work cat.: (NUST)183054: Hoffman, K. O. 100258, Blueprint reading /, c1983.
© 2023 Central Library, National University of Sciences and Technology. All Rights Reserved.